| 000 | 00507nam a2200169Ia 4500 | ||
|---|---|---|---|
| 008 | 090201s9999 xx 000 0 und d | ||
| 010 | _aKPL-15726 | ||
| 040 | _bमराठी | ||
| 041 | _aमराठी | ||
| 082 |
_a38006 _b15726 |
||
| 100 | _aसुनिता देवधर | ||
| 245 |
_aऊन सावली _cसुनिता देवधर |
||
| 260 |
_c2004 _bअनंत प्रकाशन |
||
| 300 |
_a63 _bमोठा |
||
| 600 | _aऊन सावली | ||
| 942 | _cBOOK | ||
| 999 |
_c235618 _d235618 |
||